Mencegah, merawat dan memulihkan penagih dadah : beberapa pendekatan dan amalan di Malaysia

Bibliographic Details
Main Author: Mahmood Nazar Mohamed
Corporate Author: Title
Format: Book
Published: Kuala Lumpur : Utusan Publications & Distributors , 2006
Series:Siri motivasi dan kecemerlangan
Subjects:

MARC

LEADER 00000cam a2200000 7i4500
001 0000012897
005 20080307.0
008 080103
020 |a 9676117773 
090 0 0 |a 362.2909595   |b MAH 
100 0 |a Mahmood Nazar Mohamed 
245 1 0 |a Mencegah, merawat dan memulihkan penagih dadah :   |b beberapa pendekatan dan amalan di Malaysia   |c Mahmood Nazar Mohamed 
260 |a Kuala Lumpur :   |b Utusan Publications & Distributors ,   |c 2006 
440 |a Siri motivasi dan kecemerlangan 
650 0 |a Drug abuse   |x Prevention   |z Malaysia 
650 0 |a Drug abuse   |x treament   |z Malaysia 
650 0 |a Narcotic addicts   |x Rehabilitation   |z Malaysia 
710 0 |a Title 
999 |a 0001010563   |b Book   |c Adult Collection   |e Cawangan Sri Merlong 
999 |a 0001010564   |b Book   |c Adult Collection   |e Cawangan Tangkak 
999 |a 0001010565   |b Book   |c Adult Collection   |e Perbadanan Perpustakaan Awam Johor 
999 |a 0001010566   |b Book   |c Adult Collection   |e Perbadanan Perpustakaan Awam Johor